Manufacturing facilities design and material handling / (Record no. 10246)
[ view plain ]
| 000 -LEADER | |
|---|---|
| fixed length control field | 01109cam a22003375i 4500 |
| 001 - CONTROL NUMBER | |
| control field | 13432784 |
| 003 - CONTROL NUMBER IDENTIFIER | |
| control field | EG-ScBUE |
| 005 - DATE AND TIME OF LATEST TRANSACTION | |
| control field | 20200831121156.0 |
| 008 - FIXED-LENGTH DATA ELEMENTS--GENERAL INFORMATION | |
| fixed length control field | 031212t20052005njua f 001 0 eng d |
| 020 ## - INTERNATIONAL STANDARD BOOK NUMBER | |
| International Standard Book Number | 0131125354 |
| 020 ## - INTERNATIONAL STANDARD BOOK NUMBER | |
| International Standard Book Number | 9780131125353 |
| 040 ## - CATALOGING SOURCE | |
| Original cataloging agency | DLC |
| Language of cataloging | eng |
| Description conventions | rda |
| Transcribing agency | DLC |
| Modifying agency | DLC |
| -- | EG-ScBUE |
| -- | EG-ScBUE |
| 082 04 - DEWEY DECIMAL CLASSIFICATION NUMBER | |
| Classification number | 658.23 |
| Item number | MEY |
| Edition number | 22 |
| 100 1# - MAIN ENTRY--PERSONAL NAME | |
| Personal name | Meyers, Fred E., |
| Relator term | author. |
| 9 (RLIN) | 27404 |
| 245 10 - TITLE STATEMENT | |
| Title | Manufacturing facilities design and material handling / |
| Statement of responsibility, etc | Fred E. Meyers, Matthew P. Stephens. |
| 250 ## - EDITION STATEMENT | |
| Edition statement | Third edition. |
| 264 #1 - PUBLICATION, DISTRIBUTION, ETC. (IMPRINT) | |
| Place of publication, distribution, etc | New Jersey : |
| Name of publisher, distributor, etc | Pearson Prentice Hall, |
| Date of publication, distribution, etc | 2005. |
| 300 ## - PHYSICAL DESCRIPTION | |
| Extent | xvi, 509 pages : |
| Other physical details | illustrations ; |
| Dimensions | 24 cm |
| 336 ## - CONTENT TYPE | |
| Content type term | text |
| Content type code | txt |
| Source | rdacontent |
| 337 ## - MEDIA TYPE | |
| Media type term | unmediated |
| Media type code | n |
| Source | rdamedia |
| 338 ## - CARRIER TYPE | |
| Carrier type term | volume |
| Carrier type code | nc |
| Source | rdacarrier |
| 500 ## - GENERAL NOTE | |
| General note | Includes indexes. |
| 590 ## - LOCAL NOTE (RLIN) | |
| Local note | yassmeen ashraf |
| 650 #7 - SUBJECT ADDED ENTRY--TOPICAL TERM | |
| Topical term or geographic name as entry element | Plant layout. |
| Source of heading or term | BUEsh |
| 9 (RLIN) | 27405 |
| 650 #7 - SUBJECT ADDED ENTRY--TOPICAL TERM | |
| Topical term or geographic name as entry element | Materials handling. |
| Source of heading or term | BUEsh |
| 9 (RLIN) | 27406 |
| 650 #7 - SUBJECT ADDED ENTRY--TOPICAL TERM | |
| Topical term or geographic name as entry element | Production engineering. |
| Source of heading or term | BUEsh |
| 651 ## - SUBJECT ADDED ENTRY--GEOGRAPHIC NAME | |
| Source of heading or term | BUEsh |
| 653 ## - INDEX TERM--UNCONTROLLED | |
| Resource For college | Engineering, General |
| Arrived date list | August2015 |
| -- | August2020 |
| 700 1# - ADDED ENTRY--PERSONAL NAME | |
| Personal name | Stephens, Matthew P., |
| Relator term | author. |
| 9 (RLIN) | 27408 |
| 942 ## - ADDED ENTRY ELEMENTS (KOHA) | |
| Source of classification or shelving scheme | Dewey Decimal Classification |
| Koha item type | Book - Borrowing |
| Withdrawn status | Lost status | Source of classification or shelving scheme | Damaged status | Not for loan | Home library | Current library | Shelving location | Date acquired | Source of acquisition | Total Checkouts | Total Renewals | Full call number | Barcode | Date last seen | Date checked out | Koha item type | Collection code | Price effective from |
|---|---|---|---|---|---|---|---|---|---|---|---|---|---|---|---|---|---|---|
| Dewey Decimal Classification | Central Library | Central Library | First floor | 22/10/2008 | Purchase | 8 | 51 | 658.23 MEY | 000013621 | 15/07/2025 | 20/02/2017 | Book - Borrowing | ||||||
| Dewey Decimal Classification | Central Library | Central Library | First floor | 22/10/2008 | Purchase | 14 | 47 | 658.23 MEY | 000013627 | 15/07/2025 | 12/04/2017 | Book - Borrowing | ||||||
| Dewey Decimal Classification | Central Library | Central Library | First floor | 10/10/2011 | 3 | 658.23 MEY | 000013620 | 15/07/2025 | 21/03/2013 | NB - Book (Non borrowing) | 10/10/2011 | |||||||
| Dewey Decimal Classification | Central Library | Central Library | First floor | 31/08/2020 | Purchase | 658.23 MEY | 000049590 | 15/07/2025 | Book - Borrowing | unknown | 31/08/2020 |